ZWIERZĘTA na literę M - Statystyki

Ogólne statystyki
  • Ten quiz został rozwiązany 189 razy
  • Średni wynik to 11 z 20
Statystyki odpowiedzi
Obrazkowy Odpowiedź % Poprawnych
Mors arktyczny
98%
Mysz polna
98%
Mewa srebrzysta
93%
Modliszka zwyczajna
79%
Mrówkojad wielki
79%
Myszołów zwyczajny
66%
Makak japoński
63%
Makrela atlantycka
57%
Maskonur zwyczajny
57%
Miecznik
56%
Mamba czarna
53%
Morświn zwyczajny
51%
Manat afrykański
46%
Manta
43%
Marabut afrykański
40%
Mandarynka
36%
Mangusta egipska
35%
Modraszka zwyczajna
34%
Miętus pospolity
18%
Makolągwa zwyczajna
12%
Nie znaleziono quizów pasujących do podanych kryteriów
Rozkład punktacji
Procent ludzi z każdym wynikiem
Percentyl według liczby udzielonych odpowiedzi
Twoja historia wyników
Nie rozwiązałeś tego quizu